00591nam a22001817a 450000500170000001000260001702000280004303500230007103700130009408200100010710000190011724500830013626000470021927000550026630000220032150000500034370000160039320230302134705.0 aENG-110618 ENG-136286 a9789350533383c1000.00  aEN-94150 EN-119818 bDBAD/PUB a333.7 aChudasma, Y.M. aBasic concepts of environmental economics /cby Y.M. Chudasma [and] S.J. Jhala aNew Delhi bCyber Tech Publications c2014 bNew Delhi a4264/3, Ansari Road, Daryaganje110002 av,256p.c22cm(Hb) aIncludes bibliographical references and index aJhala, S.J.